Quizzes
Events
Quiz Creation
Community
Videos
Private Events
Remove Ads
Sign In
Join for FREE
Feedback
Dark Mode
Quiz Categories
Sports
Geography
Music
Movies
Television
Just For Fun
Miscellaneous
History
Literature
Language
Science
Gaming
Entertainment
Religion
Holiday
For Kids
Quiz Lab
Recent
Popular Today
Quiz Kudos Today
Editor Picks
Curator Picks
Quizzes by...
Day
Popularity
Type
Ratings
Length
Year
Community
Subscriptions
Recent Discussions
Orange Saloon
Badges
Playlists
Quests
Create
Leaderboards
Showdown
Live 5
Trivia Bingo
Activity
Puzzle Library
Sporcle Events
Private Events
Virtual Trivia
Globe League
Become a Host
Pub Owners
SporcleCon
Opinionation
Our Games
Videos
Blog
Mobile Apps
Partnerships
Remove Ads and Go Orange
Feedback
Music
Pop Music
The Beatles
Song
Album
Lyrics
Bands
Singers
Artist
Clip
Rock
Rap
Classical
Billboard
Country Music
Kpop
Taylor Swift
Music
Pop Music
The Beatles
Song
Album
Lyrics
Bands
Singers
Artist
Clip
Rock
Rap
Classical
Billboard
Country Music
Kpop
Taylor Swift
Random Quiz
Search Sporcle
×
Quiz Lab
Quiz Lab
Music
Classical
Type in answers that appear in a list
Type in answers that appear in a list
Classic
Best Score? Go Orange.
Opera Composers 1 Stats
Can you name the Opera Composers?
By
Niall_mCs
8m
23 Questions
117 Plays
117 Plays
117 Plays
Comments
Comments
Give Quiz Kudos
Give Quiz Kudos
-
- Ratings
hide this ad
More Info
Replay
Link that replays current quiz
Next Quiz
Link to next quiz in quiz playlist
You Got
0%
They Got
Avg Score
55%
Avg Friend Score
Upgrade to see
Score Distribution
Jump to the score distribution portion of the page
Score
0/23
Timer
08:00
0
Plays Today
Birth/Death
Name
% Correct
1756-
1791 AUSTRIA
Wolfgang Amadeus Mozart
96.2%
1792-
1868 ITALY
Gioachino Rossini
94.2%
1770-
1827 BELGIUM
Ludwig van Beethoven
92.3%
1659-
1695 UK
Henry Purcell
89.4%
1797-
1848 ITALY
Gaetano Donizetti
88.5%
1567-
1643 ITALY
Claudio Monteverdi
86.5%
1714-
1787 GERMANY
Christoph Gluck
84.6%
1685-
1759 GERMANY
George Frideric Handel
83.7%
1786-
1826 GERMANY
Carl Maria von Weber
73.1%
1791-
1864 GERMANY
Giacomo Meyerbeer
69.2%
1760-
1842 ITALY
Luigi Cherubini
52.9%
1632-
1687 ITALY
Jean-Baptiste Lully
48.1%
Birth/Death
Name
% Correct
1685-
1732 UK
John Gay
44.2%
1561-
1633 ITALY
Jacopo Peri
43.3%
1683-
1764 FRANCE
Jean-Phillipe Rameau
42.3%
1710-
1736 ITALY
Giovanni Battista Pergolesi
39.4%
1799-
1862 FRANCE
Jacques Fromental Halevy
39.4%
1602-
1676 IITALY
Fancesco Cavalli
30.8%
1774-
1851 ITALY
Gaspare Spontini
29.8%
1749-
1801 ITALY
Domenico Cimarosa
24%
1660-
1725 ITALY
Alessandro Scarlatti
21.2%
1782-
1871 FRANCE
Daniel-Francois-Esprit Auber
17.3%
3.8%
Quiz Playlist
Details
Report
Send in Message
Add To Playlist
More Info:
Taken from Wikipedia's list of most influential Operatic Composers of all time
Classic:
Type in answers that appear in a list
Last Updated: Feb 16, 2017
Quiz Scoreboard
CHALLENGE
Sign Up to Join the Scoreboard
Show All
Scores
Hide
Comments
May contain spoilers
Recently Published
One Thing in Common: World Cities II
by knightlancer
Geography
7m
Popular People in 1961
by mucciniale
History
6m
1-10 Letter E Words III
by El_Dandy
Language
2m
More to Explore
Quiz From the Vault
Featured Blog Post
Where Did the Easter Bunny Come From?
hide this ad
You Might Also Like...
Tags
Classical Quiz
Opera
Opera Composers
Opera Songs
Today's Top Quizzes in Music
Browse Music
hide this ad
Today's Top Quizzes in Classical
Browse Classical
Top Contributed Quizzes in Music
1
Taylor Swift All Songs (2024)
2
2010s Album by Cover III
3
Taylor Swift Logic Puzzle
4
One Thing in Common: Music
5
Guess the Artist- 70s Songs
6
Guess the Taylor Swift song (Mystery Song)
7
2010s Album by Cover V
8
2010s Album by Cover IV
9
Lana Del Rey Discography (BTD to DYKTTATUOB)
10
KPOP LOGIC QUIZ
Explore More
Trending Topics
Disney
Anime
Harry Potter
Marvel
NBA
Crossword
Kpop
NFL
Soccer
The Office
Puzzle
Country
Song
WWE
Pokémon
hide this ad
More By:
Niall_mCs
Quiz
Plays
Rating
Category
Featured
Created
Arsenal's best; Gunning for others
270
Sports
Aug 24, 2015
States by capital clickable
240
2.80
Geography
May 28, 2013
London Underground Northern Missing Letters
199
1.00
Geography
Aug 19, 2015
Opera Composers 2
144
Music
Jun 3, 2013
London Underground district missing letters
135
5.00
Geography
Aug 19, 2015
Go to Creator's Profile
Score Distribution
Quiz Creator Spotlight
Niall_mCs
Follow
Send a Message
Quizzes Created
-
Created Quiz Play Count
-
More By This Creator
Popular Quizzes Today
1
Find the US States - No Outlines Minefield
2
The Countries of the World
3
Popular People in 1961
4
Find the Countries of Europe - No Outlines Minefield
5
1-10 Letter E Words III
6
Find the US States
7
One Thing in Common: World Cities II
8
US States
More Music Quizzes
Mystery Taylor Swift Lyrics 1
Quiz Lab
Trending Quizzes
1-10 Letter F Words
1-10 Letter G Words
Risky Map Clicking: Next State Alphabetically
1-10 Letter F Words II
Risky Map Clicking: States by Unique Starting Letters
Recently Updated
Leaping Animals
pecheneg
Reality TV Shows (A-Z)
bhenderson79
Rickey Henderson's Hall of Fame Teammates
pecheneg
Champions League XIs: Arsenal
pecheneg
Quick Pick: Celebrities in WWE's Hall of Fame
aduchscher
A-Z Keypad Blitz II
pecheneg
Multiple Oscar Actors
pecheneg
Mystery Phrase Blitz: Oscar 'Best Actors'
pecheneg
F. Scott Fitzgerald Novels
LTH
Pick 3 Villains
ddd62291
Trending Topics
Kpop
Disney
Harry Potter
NBA
Anime
Marvel
Crossword
The Office
Pokémon
WWE
Song
Puzzle
NFL
Soccer
Country
Your Account Isn't Verified!
In order to create a playlist on Sporcle, you need to verify the email address you used during registration. Go to your
Sporcle Settings
to finish the process.
Report this User
Report this user for behavior that violates our
Community Guidelines
.
Details:
Send Report
Go to the Sporcle.com Mobile Site →
Comments